The World book encyclopedia.
| Format: | Book |
|---|---|
| Published: |
London:
World Book Inc,
1992.
|
| Subjects: |
| LEADER | 00435cam a2200157 7i4500 | ||
|---|---|---|---|
| 001 | 0000001029 | ||
| 005 | 19991025090000.0 | ||
| 002 | ##000001536 | ||
| 020 | 0 | 0 | |a 0-7166-6692-8 |
| 090 | 0 | 0 | |a R 030 |b WOR |
| 245 | 0 | 4 | |a The World book encyclopedia. |
| 260 | 0 | 0 | |a London: |b World Book Inc, |c 1992. |
| 300 | 0 | 0 | |a [v.p.]. |
| 500 | 0 | 0 | |a Lib has Vol. 1-24 |
| 650 | 0 | 0 | |a Encyclopedias and dictionaries |
| 999 | |a 0000002766 |b Book |c Reference |e Business Information Centre | ||


